Grammy Award du meilleur album rock (artiste) - Statistiques

Statistiques générales
  • Ce quiz a été pris 8 fois
  • Le résultat moyen est 16 sur 32
Statistiques - réponses
Année Artiste Album % Correct
2009 Coldplay Viva la Vida or Death and All His Friends
100%
1997 Sheryl Crow Sheryl Crow
100%
1999 Sheryl Crow The Globe Sessions
100%
2002 U2 All That You Can't Leave Behind
100%
2006 U2 How to Dismantle an Atomic Bomb
100%
1996 Alanis Morissette Jagged Little Pill
67%
2001 Foo Fighters There Is Nothing Left to Lose
67%
2004 Foo Fighters One by One
67%
2008 Foo Fighters Echoes
67%
2012 Foo Fighters Wasting Light
67%
2022 Foo Fighters Medicine at Midnight
67%
2005 Green Day American Idiot
67%
2010 Green Day 21st Century Breakdown
67%
2011 Muse The Resistance
67%
2016 Muse Drones
67%
2021 The Strokes The New Abnormal
67%
2015 Beck Morning Phase
33%
2017 Cage the Elephant Tell Me I'm Pretty
33%
2020 Cage the Elephant Social Cues
33%
2023 Ozzy Osbourne Patient Number 9
33%
2024 Paramore This Is Why
33%
2007 Red Hot Chili Peppers Stadium Arcadium
33%
2013 The Black Keys El Camino
33%
1995 The Rolling Stones Voodoo Lounge
33%
2025 The Rolling Stones Hackney Diamonds
33%
2018 The War on Drugs A Deeper Understanding
33%
2026 Turnstile Never Enough
33%
2003 Bruce Springsteen The Rising
0%
2019 Greta Van Fleet From the Fires
0%
1998 John Fogerty Blue Moon Swamp
0%
2014 Led Zeppelin Celebration Day
0%
2000 Santana Supernatural
0%
Aucun quiz correspondant
Distribution des résultats
% des personnes avec chaque résultat
Percentile par nombre de réponses
Votre historique - résultats
Vous n’avez pas pris ce quiz